• AIU
  • Tony Wilmot Memorial Library

International language assessment conference (Record no. 58058)

MARC details
000 -LEADER
fixed length control field 00495nam a22001577a 4500
003 - CONTROL NUMBER IDENTIFIER
control field OSt
005 - DATE AND TIME OF LATEST TRANSACTION
control field 20131014124850.0
008 - FIXED-LENGTH DATA ELEMENTS--GENERAL INFORMATION
fixed length control field 131014b xxu||||| |||| 00| 0 eng d
040 ## - CATALOGING SOURCE
Original cataloging agency DLC
Language of cataloging DLC
Transcribing agency DLC
Modifying agency DLC
050 ## - LIBRARY OF CONGRESS CALL NUMBER
Classification number P 53.4
Item number .I58 1991
245 ## - TITLE STATEMENT
Title International language assessment conference
Statement of responsibility, etc edited by Gloria E. Kindell
260 ## - PUBLICATION, DISTRIBUTION, ETC. (IMPRINT)
Place of publication, distribution, etc Dallas
Name of publisher, distributor, etc Summer institute of linguistics
Date of publication, distribution, etc c1991
300 ## - PHYSICAL DESCRIPTION
Extent 287p
650 ## - SUBJECT ADDED ENTRY--TOPICAL TERM
Topical term or geographic name as entry element Language and languages
Form subdivision Ability testing
General subdivision Congresses
9 (RLIN) 23039
942 ## - ADDED ENTRY ELEMENTS (KOHA)
Source of classification or shelving scheme Library of Congress Classification
Koha item type Books
Holdings
Withdrawn status Lost status Source of classification or shelving scheme Damaged status Not for loan Collection code Home library Current library Shelving location Date acquired Source of acquisition Cost, normal purchase price Total Checkouts Full call number Barcode Date last seen Copy number Price effective from Koha item type
    Library of Congress Classification     General Circulation AIU/NEGST - Tony Wilmot Memorial Library AIU/NEGST - Tony Wilmot Memorial Library General Stacks 10/14/2013 Donation 25.00   P 53.4 .I58 1991 R28314W3232 09/02/2019 1 10/14/2013 Books